000 00689nam a2200289Ia 4500
005 20260324144619.0
008 008 260324s9999 xx 000 0 eng d
020 _a9781315564203
037 _aEBOOK
040 _aCRL
040 _beng
040 _cCRL
041 _2eng
041 _aeng
084 _qCRL
100 _aJohn Lough
_91219980
245 0 _aFrance on the Eve of Revolution
245 0 _bBritish Travellers' Observations 1763-1788
260 _bTaylor and Francis
260 _c1987
365 _a
365 _b160
856 _uhttp://www.taylorfrancis.com/books/9781315564203
942 _cEBOOK
999 _c1826798
_d1826798